[Event "EU-Cup 34th"]
[Site "Porto Carras"]
[Date "2018.10.18"]
[Round "7.3"]
[White "Fedoseev, Vladimir"]
[Black "Grandelius, Nils"]
[Result "1-0"]
[WhiteElo "2713"]
[BlackElo "2655"]
[Annotator "Krasenkow,M"]
[PlyCount "79"]
[EventDate "2018.10.12"]
[EventType "team-swiss"]
[EventRounds "7"]
[EventCountry "GRE"]
[SourceTitle "CBM 187"]
[Source "ChessBase"]
[SourceDate "2018.12.11"]
[SourceVersion "1"]
[SourceVersionDate "2018.12.11"]
[SourceQuality "1"]
[WhiteTeam "St Petersburg Bronze Horseman"]
[BlackTeam "Valerenga"]
[WhiteTeamCountry "RUS"]
[BlackTeamCountry "NOR"]

1. d4 d5 2. c4 c6 3. Nf3 Nf6 4. Qb3 e6 {An appropriate reply to 4.Qb3. Both in
case of transposition to the Catalan Opening (5.g3) and in the normal Queen's
Gambit setup (Bc1-g5, e2-e3 etc.) White's queen is not placed perfectly on b3.}
5. Bg5 h6 {A bit inaccurate here.} (5... Nbd7 {is the simplest course.}) 6.
Bxf6 Qxf6 7. g3 {A popular hybrid of Catalan and Bg5, however, rarely seen in
this particular position.} (7. Nbd2 {[%csl Yg3][%cal Ye2e4,Yg2g3]}) ({and} 7.
Nc3 {are the main continuations.}) 7... dxc4 (7... a5 $5 8. a3 Nd7 9. Nbd2 a4 (
9... g5 {1-0 (43) Werle,J (2529)-Aghayev,M (2424) Castione della Presolana ITA
2018} 10. e4 g4 11. e5 $36) 10. Qc3 Qd8 11. Bg2 Be7 12. O-O Qa5 13. Qc2 O-O $11
14. e4 $6 dxe4 15. Nxe4 {1-0 (57) Khismatullin,D (2584)-Kornev,A (2544)
Dagomys 2008} e5 $15) (7... Nd7 8. Nbd2 $5 {leads to a position seen in a
number of games when White started with 7.Nbd2:} Qd8 (8... dxc4 9. Nxc4 c5 10.
Rd1 cxd4 11. Nxd4 Bc5 12. e3 O-O 13. Bg2 Rb8 14. O-O a6 15. Qc2 Qe7 16. Nb3 $14
{1-0 (58) Ibragimov,I (2550)-Burmakin,V (2575) Graz 1999}) 9. Bg2 Be7 10. O-O
O-O 11. e4 dxc4 (11... dxe4 12. Nxe4 Nf6 13. Nc3 Qb6 14. Qc2 Rd8 15. a3 $14 {
1/2 (15) Horvath,C (2518)-Duong,T (2434) Budapest 2009}) 12. Nxc4 b6 (12... b5
13. Nce5 Bb7 14. Qe3 Qc7 15. Nd3 a5 16. Rac1 Qb6 17. e5 $14 {1-0 (60) Horvath,
J (2519)-Erdos,V (2551) Budapest 2007}) 13. Rfd1 Bb7 14. Nfe5 Qc7 15. Qc3 Nxe5
16. dxe5 c5 17. Rd2 Rad8 18. Rad1 Rxd2 19. Rxd2 Rd8 20. Rxd8+ Qxd8 {1/2 (20)
Endzelins,L-Unzicker,W Augsburg 1946}) 8. Qxc4 Nd7 (8... a5 9. a3 Qd8 10. Bg2
Be7 11. O-O O-O 12. Rd1 Qb6 13. Qc2 Rd8 14. Nc3 $14 {1/2 (101) Markowski,T 
(2611)-Malakhatko,V (2548) Warsaw 2011}) 9. Bh3 $5 {An interesting idea. Black
has prepared ...e6-e5 but White prevents that. However, if Black finds another
plan, this bishop will be misplaced.} g6 (9... g5 $5 {[%cal Yh6h5] looks more
principled. Of course, no conclusions can be made without analysis and
practical tests as the position is complicated.}) 10. Nc3 Bg7 11. O-O O-O 12.
Rfd1 Qe7 {As Black can't play ...e6-e5, he must prepare ...c6-c5.} 13. Ne4 a5 (
13... f5 {is a weakening move but maybe it is appropriate. After} 14. Nc3 Kh7 {
Black can play ...e6-e5 after all and probably equalize.}) 14. Rd2 $5 a4 (14...
f5 15. Nc5 $1 Nxc5 $140 16. dxc5 {[%cal Gd2d8]}) 15. a3 (15. Rc1 $5) 15... Ra5
(15... f5 $5 16. Nc5 (16. Nc3 Nb6) 16... Nxc5 17. dxc5 Ra5 18. Rc1 Kh7 {
[%cal Ye6e5] Black is OK here as White's pieces are tied to his c5 pawn.}) 16.
Qb4 $5 Qxb4 17. axb4 Rb5 (17... Ra8 18. Nc5 $14) 18. Rxa4 Nb6 19. Ra2 Rxb4 20.
Nc5 Nd7 (20... Rd8 $5 21. Nd3 Ra4 {, and Black should equalize. After the text
move his "active" b5 rook gets into trouble.}) 21. Nd3 Rb5 22. Rc2 Rd8 23. e3
Nb8 $6 (23... e5 $1 {was the right decision. Black temporarily sacrifices a
pawn but White can't keep his material advantage:} 24. Bxd7 Bxd7 25. Nfxe5 Bf5
$1 26. Rc3 Be6 27. Ra1 Bxe5 28. Nxe5 Rxb2 $11) 24. Bf1 $1 {[%csl Rb5]} Na6 25.
Ra4 Bf8 26. Nde5 Nb4 27. Rc1 Rb6 28. Nd2 Nd5 29. Ra2 Nb4 $6 {Nothing was
threatening at the moment so it was better to wait:} (29... g5) 30. Ra7 Be7 $6
(30... Nd5 $142) 31. Rca1 (31. Ndc4 {was already possible:} Ra6 (31... Rb5 32.
Ra8 $1 {[%cal Rc4d6]} Nd5 33. Nxf7 $1 Kxf7 34. Ne5+ Kf6 35. Bxb5 Nb6 36. Rxc8
Rxc8 37. Bd3 $18) 32. Rxa6 Nxa6 33. Nb6 Nb4 34. Ra1 Nd5 35. Nec4 $16) 31... c5
$2 {[%mdl 8192] A tactical mistake in a poor position - an unsuccessful
attempt to break loose.} ({After} 31... Kg7 32. Ndc4 Rb5 33. Na5 Rb6 {White
has no decisive blow yet.}) 32. Ndc4 $1 Ra6 (32... Rb5 33. Nxf7 $1 Kxf7 34.
Ne5+ $18) 33. R1xa6 Nxa6 34. Nb6 $18 {[%cal Ra7a8,Rb6c8,Rf1a6] Black can't
avoid huge material losses.} cxd4 35. Nxc8 Rxc8 36. Bxa6 dxe3 37. Rxb7 Bf6 38.
Nxf7 exf2+ 39. Kxf2 Bg7 40. Bd3 1-0

[Event "EU-ch 6th"]
[Site "Warsaw"]
[Date "2005.06.26"]
[Round "8"]
[White "Tregubov, Pavel V"]
[Black "Kritz, Leonid"]
[Result "1/2-1/2"]
[WhiteElo "2612"]
[BlackElo "2549"]
[Annotator "Kritz,L"]
[PlyCount "135"]
[EventDate "2005.06.18"]
[EventType "swiss"]
[EventRounds "13"]
[EventCountry "POL"]
[SourceTitle "CBM 108"]
[Source "ChessBase"]
[SourceDate "2005.09.26"]
[SourceVersion "1"]
[SourceVersionDate "2005.09.26"]
[SourceQuality "1"]

1. d4 d5 2. c4 c6 3. Nf3 Nf6 4. e3 a6 5. Bd3 Bg4 6. Nbd2 e6 7. O-O Nbd7 8. b3
Be7 $2 {Erste Ungenauigkeit. Der Läufer gehört in solchen Stellungen nach d6.}
(8... Bd6 $1 9. Qc2 Bh5 10. Rb1 {analog zur Partie} Bg6 11. Bxg6 hxg6 12. e4
Nxe4 $1 13. Nxe4 Bxh2+ $1 14. Nxh2 Qh4 15. Nd6+ Ke7 $17 {- das beste Beispiel
um zu sehen, wo der schwarzfeldrige Läufer stehen muss.}) 9. Qc2 Bh5 10. Rb1
$146 {Eine neue Idee von P.Tregubov, die jedoch nach 3 Zügen in die alten
Varianten mündet.} (10. e4 dxe4 11. Nxe4 Nxe4 12. Bxe4 Bg6 13. Bb2 (13. Bxg6
hxg6 14. Bb2 Qc7 $11) 13... Bxe4 14. Qxe4 O-O $11) (10. Bb2 Bg6 11. e4 dxe4 12.
Nxe4 Nxe4 13. Bxe4 Bxe4 14. Qxe4 O-O $11) 10... Bg6 11. b4 (11. Bxg6 $5 hxg6
12. e4 dxe4 13. Nxe4 Nxe4 14. Qxe4 O-O $14) 11... Bxd3 {Es ist sinnvoll für
Schwarz, die Läufer so zu tauschen, dass die Bauern am Königsflügel
ungeschadet bleiben. Der Doppelbauer kann sich im langen strategischen Kampf
als eine Schwäche erweisen.} 12. Qxd3 O-O 13. e4 $6 {Das führt zu einer
typischen Stellung, die symbolisch besser für Weiß ist, aber die Remischancen
von Schwarz sind dabei sehr hoch. Logische Fortsetzung der Idee Rb1 scheint
mir der Zug} (13. c5 $5 {denn jetzt ist es nicht so leicht für Schwarz, den
Vorstoß e5 durchzuführen.} Qc7 14. Bb2 Ne8 15. a4 Bf6 16. e4 $1 dxe4 (16... e5
17. exd5 cxd5 18. dxe5 Nxe5 19. Qxd5 $16) 17. Nxe4 $14) 13... dxe4 14. Nxe4 b5
$1 {Sichert sich Schwarz das Feld d5, so hat er wenig zu befürchten.} 15. Nxf6+
Bxf6 $2 {Es steckt keine Logik in den beiden letzten Zügen von Schwarz. Man
musste natürlich mit dem Springer schlagen.} (15... Nxf6 16. Ne5 (16. cxb5 $2
cxb5 $15) (16. c5 Nd5 17. Ne5 Qc7 18. a4 Bf6 19. Nf3 Rfd8 $11) 16... Qc7 17.
Bf4 Qb7 18. Qf3 Rac8 19. c5 Nd5 20. Bd2 f6 $5 21. Nd3 Rfe8 22. Rfe1 Bf8 23. Re2
Qf7 24. Rbe1 Rcd8 25. Qh3 Nc7 $11 {Schwarz steht hinten dicht und es ist nicht
klar, wie Weiß gewinnen will.}) 16. c5 $1 {Stark! Weiß fixiert die Schwäche c6
und will demnächst mittels Qe4-Bf4-a4-Ra1 eine starke Initiative ergreifen.} (
16. cxb5 $2 axb5 (16... cxb5 $5) 17. a3 Nb6 $15) (16. Qe4 Nb6 17. cxb5 (17. c5
Nd5 $11 {Der Springer auf d5 dient als Garant für die Stellung von Schwarz.}))
16... a5 $2 {Schwarz hat den Pfaden verloren.} (16... Qc7 17. Qe4 (17. a4 bxa4
$1 18. Ra1 a5 19. b5 cxb5 20. Qxb5 Nxc5 $1 21. Ba3 Nb3 22. Bxf8 Nxa1 23. Bxg7
Kxg7 24. Rxa1 Rb8 25. Qxa4 Rb4 $15) 17... Be7 $1 {man muss den Fehler
wiedergutmachen und den Springer auf d5 postieren} 18. Bf4 Qb7 19. Ne5 (19.
Rfd1 Nf6 20. Qe2 Nd5 21. Bg3 a5 $132) 19... Nxe5 (19... Rac8 $5) 20. dxe5 Rfd8
21. Rfd1 Rd5 $11) 17. Qe4 $1 {Jetzt kommen die Schwierigkeiten.} axb4 (17...
Qc7 18. a4 $1 axb4 (18... bxa4 19. b5 cxb5 20. Rxb5 e5 21. c6 Nb8 22. d5 $16) (
18... Rfb8 $2 19. Bf4 $16) (18... e5 19. axb5 cxb5 20. d5 axb4 21. c6 Nc5 22.
Qxb4 $16) 19. axb5 cxb5 20. Rxb4 Ra4 21. Rxb5 (21. Rxa4 bxa4 22. Bf4 $14) (21.
Bd2 Rxb4 22. Bxb4 Nb8 $13) 21... Nxc5 22. Qc2 $18) (17... Nb8 18. a4 bxa4 19.
b5 $16) (17... Ra6 18. a4 (18. bxa5 $2 Qxa5 $132) 18... bxa4 19. b5 cxb5 20.
Rxb5 Qa8 21. Qc2 Qd5 22. Qxa4 $14) 18. Qxc6 e5 19. dxe5 (19. d5 Rc8 20. Qxb5
Rxc5 21. Qxb4 Rxd5 $11) (19. Qxb5 e4 $1 (19... exd4 20. Bf4 $1 (20. Rxb4 Ra5
21. Qe2 Nxc5 $15) (20. Qxb4 $4 Rb8 $19) (20. c6 Rb8 21. Qc4 Ne5 22. Nxe5 Bxe5
23. Rxb4 Bxh2+ $1 24. Kxh2 Qd6+ $17) 20... Rxa2 21. c6 Ra5 22. Qxb4 Ne5 23.
Nxd4 $16) 20. Nd2 Bxd4 21. Nxe4 Nxc5 22. Nxc5 Ra5 23. Qxb4 Bxc5 $14) (19. Rxb4
exd4 20. Nxd4 (20. Qxb5 Ra5 21. Qe2 Nxc5 $15) (20. Rxb5 Rxa2 21. Rb7 Ne5 22.
Nxe5 Bxe5 $132) 20... Rxa2 21. Nxb5 $14) 19... Nxe5 20. Nxe5 Bxe5 21. Rxb4 (21.
Qxb5 Qc7 (21... Rxa2 22. Qxb4 Qc7 23. h3 Rc8 24. Be3 $16) 22. h3 Bc3 $1 $15)
21... Rxa2 22. Be3 (22. Qxb5 Qc7 23. h3 Ra5 $11) 22... Qb8 23. g3 Ra5 24. Rfb1
Rc8 25. Rxb5 (25. Qb6 Bc7 26. Qxb8 Rxb8 $14) 25... Rxb5 26. Qxb5 Qxb5 27. Rxb5
{Dieses Endspiel ist sehr kompliziert. Das Ergebnis hängt davon ab, ob es
Schwarz gelingt, den Bauern mit dem König auf c6 zu blockieren. Wird das der
Fall sein, so wird es Weiß sehr schwer haben, die schwarze Festung zu
durchbrechen.} Kf8 28. Kf1 (28. Kg2 $5 Ke7 29. f4 (29. Kf3 f5 $1 (29... Kd7 30.
Ke4 Bc7 31. Kd5 $18) 30. Ke2 (30. h3 Kd7 31. g4 (31. c6+ Kd6 $11) 31... fxg4+
32. hxg4 Kc6 33. Rb6+ Kd5 $14) 30... Kd7 31. f4 Bc7 (31... Bf6 $2 32. Rb6 (32.
Rb7+ Rc7 33. Rb8 Rc8 34. Rxc8 Kxc8 35. Kd3 Kc7 36. Kc4 Kc6 37. Bd4 Be7 38. Bxg7
Bxc5 $11) 32... Rc6 33. Kd3 Rxb6 34. cxb6 Kc6 35. Kc4 g6 36. b7 Kxb7 37. Kd5
Kc7 38. Ke6 Bc3 39. Kf7 $18) 32. c6+ (32. Kd3 Kc6 33. Kc4 Re8 $11) 32... Kxc6
33. Rxf5 Re8 34. Kf3 Kd7 35. Rf7+ Re7 $14) 29... Bc7 30. Kf3 Kd7 31. Ke4 Kc6
32. Rb3 Re8+ 33. Kf5 Re6 $14 {Überall, wo die Stellungsbewertung "+/=" lautet,
heißt es, dass Schwarz sehr gute Chancen auf Remis hat, der Vorteil von Weiß
ist eher symbolisch zu nennen.}) 28... Ke7 29. Rb6 (29. Ke2 Ke6 $1 (29... Kd7
30. c6+ $1 Kd6 31. c7 $3 f6 (31... Rxc7 32. Rxe5 Kxe5 (32... Rc2+ 33. Kd3 $18)
33. Bf4+ $18) 32. f4 Bc3 33. Bb6 Kc6 34. Rb3 $16) 30. Kd3 (30. Rb6+ Kd5 31. Rb7
Rc7 $11) 30... Kd5 31. c6+ Ke6 32. Rc5 Bd6 33. Rc2 Kd5 $11) 29... Rb8 30. Ke2 (
30. Rxb8 Bxb8 31. Ke2 (31. Bf4 $2 Bxf4 32. gxf4 Ke6 33. Ke2 Kd5 34. Ke3 Kxc5
35. Ke4 Kd6 $11) (31. c6 Bc7 32. Bc5+ Ke6 $11) 31... Ke6 32. Kd3 Kd5 33. Kc3 (
33. Bd4 g6 34. Kc3 Bc7 35. Be3 Ba5+ 36. Kb3 Kc6 37. Kc4 Bd8 38. h4 Be7 $11)
33... Be5+ 34. Kb4 Kc6 35. Kc4 g6 36. Bd4 Bc7 37. Bc3 Bd8 38. Be5 Be7 $11)
30... Rxb6 (30... Bc7 $2 31. Rxb8 Bxb8 32. Kd3 Ke6 (32... Kd7 33. Bf4 $1 Ba7 (
33... Bxf4 34. gxf4 Kc6 35. Kc4 $18) 34. Kc4 Kc6 35. Bd6 g6 36. Kb4 h5 37. Kc4
$18) 33. Kc4 Kd7 34. Kb5 $18) 31. cxb6 Kd7 (31... g6 $4 32. b7 Kd7 (32... Bb8
33. Bf4 Bxf4 34. gxf4 $18) 33. Ba7 $18) 32. h4 $2 {Das lässt den Gewinn, falls
es überhaupt einen gibt, aus. Wenn Schwarz g6-f5 spielt und den König nach c6
bringt, entsteht eine Festung, wie in der Partie.} (32. Kd3 $1 Kc6 33. f4 (33.
Bd4 Bxd4 34. Kxd4 Kxb6 35. Kd5 Kc7 $11) (33. Ke4 Bf6 34. f4 Bd8 35. Bd4 Bxb6
36. Bxg7 Bg1 37. h3 Kd7 38. Kf5 Bh2 39. g4 Ke8 40. Bh6 Bg1 41. Kf6 Bd4+ 42. Kg5
Be3 43. Bg7 Bd2 44. Be5 Kf8 45. Kh6 Kg8 $11) (33. Kc4 Bd6 $1 (33... Bf6 34. Kb4
Be7+ 35. Ka5 Kb7 36. Kb5 Bd8 37. Kc5 $1 Bxb6+ 38. Kd6 Bxe3 39. fxe3 $18) 34.
Bd4 g6 35. Kd3 f5 $11) 33... Bf6 34. g4 (34. Bd4 Bxd4 35. Kxd4 Kxb6 36. Ke5 Kc6
37. f5 Kd7 38. f6 g6 39. g4 h6 40. Kd5 Kc7 41. h4 Kd7 $11) 34... Bd8 $1 (34...
g6 35. Bd4 Bd8 36. Ke4 $18) 35. Bd4 Bxb6 36. Bxg7 Kd5 $11 {Es scheint, als ob
Schwarz sich überall retten würde.}) 32... Kc6 33. h5 {Weiß hat die Idee von
Schwarz nicht durchschaut und hilft ihm dabei, die Festung aufzubauen.} g6 34.
g4 f5 35. gxf5 gxf5 $11 {Es entsteht eine nahezu theoretische Remisstellung.
Weiß schafft es nicht, mit dem König durchzukommen, Schwarz muss nur richtig
mit dem Läufer spielen. Die restlichen 30 Züge sind eigentlich ein ziemlich
planloses hin und her Laufen .} 36. Kd3 Bf6 37. Kc4 Be7 (37... Be5 38. Kb4 Bd6+
39. Ka5 Kb7 40. Kb5 Be7 {würde auch noch gehen.}) 38. Bd4 Bd8 39. Kd3 Bg5 40.
Ke2 Bf4 41. Kf3 Bd6 42. Be3 Be5 43. Bf4 Bf6 44. Bc7 Bg5 45. Kg3 Kb7 46. f3 Kc6
47. Bf4 Bf6 48. Be3 Be5+ 49. Kh3 Bf6 50. h6 Kb7 51. Kg3 Be5+ 52. Kh4 Bf6+ 53.
Bg5 Bd4 54. Bd8 Be3 55. Kh5 Bf4 56. Bg5 Bd6 57. Be3 Be7 58. Bd4 Bd8 59. Bf2 Kc6
60. f4 Kb7 61. Bh4 Bxb6 62. Bf6 Kc6 63. Kg5 Kd7 64. Kxf5 Be3 65. Bg5 Ke8 66.
Ke6 Bxf4 67. Bxf4 Kf8 68. Kf6 {Diese Stellung ist bekanntlich absolut Remis,
da der schwarze König nicht aus der Ecke h8-g8 vertrieben werden kann. Daher:}
1/2-1/2

[Event "Givataim int"]
[Site "Givataim"]
[Date "1998.12.??"]
[Round "?"]
[White "Grinshpun, Eduard"]
[Black "Kundin, Alexander"]
[Result "1-0"]
[WhiteElo "2380"]
[BlackElo "2425"]
[Annotator "Kundin/Alterman"]
[PlyCount "81"]
[EventDate "1998.12.??"]
[EventType "tourn"]
[EventRounds "1"]
[EventCountry "ISR"]
[SourceTitle "CBM 068"]
[Source "ChessBase"]
[SourceDate "1999.02.01"]
[SourceVersion "1"]
[SourceVersionDate "1999.02.01"]
[SourceQuality "1"]

{[%mdl 32768]} 1. d4 d5 2. Nf3 c6 3. g3 Nf6 4. Bg2 Bf5 5. c4 e6 6. Nc3 h6 7.
O-O Be7 $6 {This is an inaccuracy. The bishop's place is not defined yet and
probably it will be on d6 rather than e7, whereas it is clear that the knight
should go to d7. Moreover, Nbd7 removes white's game with Qb3 and forces white
to play b3. It is those inaccuracies that decide the game's final result.} (
7... Nbd7 8. b3 (8. Qb3 Qb6 9. c5 Qxb3 10. axb3 a6 11. b4 Rd8 $11) (8. cxd5
exd5 $11) 8... Bd6 9. Bb2 O-O {/\Qe7=}) 8. Qb3 Qb6 9. c5 Qxb3 10. axb3 Na6 $8 (
10... a6 $2 11. b4 Nbd7 12. b5 $16) 11. Bf4 O-O 12. Ra4 (12. Rxa6 $5 {This sac
is never to be underestimated.} bxa6 13. Ne5 Rfc8 14. Ra1 $44) {[%tqu "En",
"Can you find a strong strategic move?","","","g7g5","A typical move in this
pawn structure. Black drives the active white bishop away and gaines space on
the kingside.",20]} 12... g5 $1 {[%mdl 32] A typical move in this pawn
structure. Black drives the active white bishop away and gaines space on the
kingside.} 13. Be3 Bc2 $6 (13... Nc7 {The most important motive in this pawn
structure is to build a wall by playing a7-a6. After that, black can only be
better.} 14. Rfa1 a6 $15 {Now white's game on the queen side has come to an
end and its stative weaknessess will play a role.}) 14. Nd2 Nd7 $2 {Black
doesn't realize the potential danger of the knight standing on a6.} (14... Nc7
$1 15. Rc1 Bg6 16. b4 a6) 15. Rc1 Bg6 16. Rca1 $16 {[%csl Ra6][%cal Ya1a8] Now
it is too late. The soon coming sacrifice on a6 is inevitable.} e5 17. b4 Bf6
18. Nf3 Bc2 $2 {This move only worsens black's position after the sacrifice.
However, there were few other options - black's position is already
strategically lost.} (18... e4 19. Nd2 $16 {/\ b5, Ra6}) 19. Rxa6 $1 bxa6 {
[%tqu "En","Can you find a winning move for white?","","","g2h3","",30]} 20.
Bh3 $1 {Now black's position is falling apart completely.} Be4 $5 (20... Rfd8
21. Rxa6 exd4 22. Bxd4 $18) 21. Bxd7 Bxf3 {[%tqu "En","","","","a1d1","",30]}
22. Rd1 $1 {Removes any counter play and winns the game immediately.} (22. exf3
exd4 23. Bxd4 Bxd4 24. Bxc6 $16) 22... Be4 (22... exd4 23. Bxd4 Bxd4 24. Rxd4
$18) 23. Bxc6 Rab8 24. f3 Bc2 25. Rd2 Bb3 (25... exd4 26. Bxd4 Bxd4+ 27. Rxd4
$18) 26. Bxd5 Rxb4 27. Bxb3 Rxb3 (27... exd4 28. Nd5 dxe3 29. Rd3 $18) 28. d5
$18 e4 29. Nxe4 Bxb2 30. Bd4 Bxd4+ 31. Rxd4 Rb1+ 32. Kf2 f5 33. Nc3 Rc1 34. Rd3
Kf7 35. d6 $138 Ke6 $138 36. Re3+ Kd7 37. Re7+ Kd8 38. Na4 Rc4 39. Rxa7 Rf6 40.
Ra8+ Kd7 41. Nb6+ 1-0

[Event "Tata Steel-B 82nd"]
[Site "Wijk aan Zee"]
[Date "2020.01.11"]
[Round "1"]
[White "L'Ami, Erwin"]
[Black "Smirnov, Anton"]
[Result "1-0"]
[WhiteElo "2606"]
[BlackElo "2604"]
[Annotator "L'Ami,E"]
[PlyCount "93"]
[EventDate "2020.01.11"]
[EventType "tourn"]
[EventRounds "13"]
[EventCountry "NED"]
[EventCategory "15"]
[SourceTitle "CBM 194"]
[Source "ChessBase"]
[SourceDate "2020.01.27"]
[SourceVersion "1"]
[SourceVersionDate "2020.01.27"]
[SourceQuality "1"]

{Wijk aan Zee started well for me this year with a win in the very first round.
In a 4.e3-Slav I dusted off an old line leading to an interesting endgame/
queenless middlegame.} 1. d4 d5 2. c4 c6 3. Nf3 Nf6 4. e3 Bg4 {Not a surprise,
Anton always goes for this bishop move.} 5. Qb3 Qb6 (5... Qc7 6. Ne5 {is known
to be worse for Black as} Bf5 7. cxd5 cxd5 8. Nc3 e6 9. Bd2 Nc6 10. Rc1 {
gives White annoying pressure.}) 6. Ne5 Bf5 7. cxd5 Qxb3 8. axb3 Nxd5 ({And not
} 8... Bxb1 9. dxc6 $1 Be4 10. Rxa7 $1 Rxa7 11. c7 $1 {with a glorious
promotion to queen on the next move.}) 9. Bd3 Bxd3 10. Nxd3 {This endgame used
to be considered uninspiring but perhaps that verdict is up for reappraisal.}
Na6 11. Bd2 e6 12. Ke2 Be7 ({An important point to make is that} 12... Nab4 {
is met with} 13. Ne1 $1 {with the idea that} c5 14. e4 Nc7 15. Bxb4 cxb4 16. f4
$1 {followed by Nf3, Nbd2, Kd3 is clearly better for White. If not for 13...c5,
Black will have a hard time freeing his position.}) ({A few days after my game,
Esipenko-Basso, Gibraltar 2020 continued} 12... Ndb4 13. Nxb4 (13. Ne1 c5 $1)
13... Nxb4 ({it is desireable to exchange bishops with} 13... Bxb4 $2 {but it
has a tactical flaw in} 14. Rxa6 $1 Bxd2 15. Ra4 b5 16. Ra6 {and Black has to
start shedding pawns.}) 14. Na3 a6 15. Nc4 f6 16. g4 Be7 17. h4 {and White had
a serious advantage, and indeed went on to win.}) 13. Na3 O-O ({Here} 13...
Nab4 14. e4 $1 {is something to avoid for Black, as} Nxd3 15. exd5 Nb4 16. Bxb4
Bxb4 17. dxc6 bxc6 18. Nc4 {is very pretty for White.}) 14. Nc4 c5 {The desire
to free his position is understandable but here this move is not possible.
Both knight jumps to b4 are met with Nc5 and so Black maybe just had to sit
and wait, meaning the position is already quite unpleasant.} 15. Rxa6 {For the
exchange White will get a pawn and total domination. An easy decision to make!}
bxa6 16. dxc5 Rfc8 17. b4 f6 18. e4 Nc7 19. Bc3 Nb5 20. Ra1 Rc6 21. e5 {
Securing the d6-square.} Bd8 22. Nd6 Rb8 23. f4 (23. Nxb5 Rxb5 24. Ke3 {
was an alternative way that the computer prefers, but it's hard to give up the
d6-knight!}) 23... h5 24. g3 Nc7 25. Ke3 f5 26. Bd2 Kf8 27. Kd4 g6 28. Ne1 $5 {
The knight gets rerouted to d4!} Nb5+ 29. Nxb5 axb5 (29... Rxb5 30. Nc2 {
followed by Kc4 and Nd4 also causes a collapse.}) 30. Rxa7 Rcc8 31. Nc2 Ra8 32.
Rd7 Be7 33. Ke3 Ke8 34. Rd6 ({Impossible to resist, but probably also best.
During an evening walk with Lucas van Foreest we discovered that} 34. Rb7 Rcb8
35. Rc7 Ra6 36. Nd4 (36. c6 $1 Bd8 37. Rg7 Rxc6 38. Nd4 {may still be winning.}
) 36... Kd8 37. Rc6 Rxc6 $1 38. Nxc6+ Kd7 $1 39. Nxb8+ Kc7 40. Na6+ Kb7 $1 {
actually leads to a very pretty draw.}) 34... Bxd6 35. exd6 {Black's rooks are
no match for White's light pieces and passed pawns.} Kd7 36. Nd4 (36. Na3 Kc6
37. Kd4 {was proposed to me after the game by Yasser Seirawan as a cleaner
solution but in fact} g5 $1 38. fxg5 e5+ $1 39. Kxe5 Re8+ 40. Kxf5 Rf8+ 41. Kg6
Rf2 {gives Black serious counterchances.}) 36... Ra2 (36... Rcb8 37. Nf3 Kc6
38. Kd4 {followed by Ne5+ is crushing.}) 37. Bc3 Ra1 38. Nxb5 ({Now} 38. Nf3
Rd1 39. Ne5+ Ke8 {still gives Black some fighting chances, so I decided to
snatch another pawn.}) 38... Rh1 39. h4 ({Lazy, but fine nonetheless. I saw} 
39. Nd4 Rxh2 40. Nf3 Rh3 {and with little time on the clock assessed it as an
avoidable complication. In fact} 41. Ne5+ Kd8 42. b5 $1 Rxg3+ (42... Rxc5 43.
Ba5+ $1) 43. Kd4 Rxc3 44. bxc3 h4 45. c6 {just wins.}) 39... Rg1 40. Kf2 Rd1
41. Nd4 Ra8 ({At first it looks like} 41... Rxd4 42. Bxd4 Kc6 43. Ke3 Rb8 {
gives Black some chances to set up a fortress. In reality} 44. Bc3 Kd5 45. Kd3
Rb7 46. Bf6 $1 {places Black in zugzwang. Following} Rd7 47. Kc3 Rb7 48. Bd8 {
the blockade is broken.}) 42. Ke2 Rg1 43. b5 {The finishing touch. The pawns
start rolling!} Rxg3 44. Bb4 Rg2+ 45. Kd3 Rxb2 46. c6+ Kc8 47. Nxe6 {Black
resigned, the pawns are unstoppable.} 1-0